000 00579nam a2200193Ia 4500
003 IN-BaIIA
008 211028s9999 xx 000 0 eng d
020 _a0-340-23455-5
040 _cIIA Library
080 _a92:53
_bCLA
100 _aClark, R. W.
_912586
245 0 _aEinstein
_bthe life and times
_cR. W. Clark
260 _aLondon
_bHodder and Stoughton
_c1979
300 _a672p.
650 _aAlbert Einstein - Biography
_910848
650 _aBiography - Albert Einstein
_910849
650 _aNASA thesaurus
942 _cBK
999 _c7343
_d7343